| 000 | 00324nam a22001337a 4500 | ||
|---|---|---|---|
| 020 | _qPB. | ||
| 040 | _cFIZZA ISHAQ | ||
| 082 |
_a363.728 _bGRE |
||
| 100 |
_aBOARDMAN,D.GREGORY. _990679 |
||
| 245 |
_aHAZARDOUS AND INDUSTRIAL / _cGREGORY D.BOARDMAN. |
||
| 260 |
_aNEW YORK ; _c1997. |
||
| 300 | _a656 P. ; | ||
| 942 |
_2ddc _cBK |
||
| 999 |
_c588886 _d588886 |
||